000
00271nam a2200109Ia 4500
008
220204s9999 xx 000 0 und d
082
_a
330.14
_b
MIS
100
_a
MISHRA, Ram Kumar
245
0
_a
Problems of working capital
260
_a
Bombay
_b
Somaiya
_c
1975
942
_c
BK
999
_c
31168
_d
31168